00907nam a2200217 a 450000100060000000300080000600500170001400800410003103500190007204000350009104100080012608200300013410000240016424501680018826000830035630000380043950200880047750400340056565000530059970000370065281388BD-RjUL20240116122455.0230515s2021 bg ||||| m||| 00| 0 eng d a(BD-RjUL)81388 aBD-RjULbengcBD-RjULdBD-RjUL aeng a320.8095492bAHI 2021223 aAhsan, A H M Kamrul10aImplementation of Citizen Charter in Urban-Local Government in Bangladesh :bA Study on City Corporation /cA H M Kamrul Ahsan ;6Supervisor : Pranab Kumar Panday. aRajshahi :bDepartment of Public Adminstration, Rajshahi of University,c2021. axviii, 241, 1-19 Leaves ;c29 cm. aThesis (Ph. D.) -- Department of Public Adminstration, Rajshahi of University, 2021 aBibliography : Leaves 186-211 aImplementationvDemocratic GovermentzBangladesh aPanday, Pranab Kumar, Supervisor